| 000 | 00343 a2200157 4500 | ||
|---|---|---|---|
| 001 | 56699 | ||
| 020 | _a8573192569 | ||
| 040 | _cAnchieta - Pituba | ||
| 100 | _aMello, Maria do Carmo Vaz de | ||
| 240 | 1 | 0 |
_aGuia da mochila _lpor |
| 245 | 1 | 0 | _aGuia da mochila |
| 300 | _a110 | ||
| 362 | 0 | _a2002 | |
| 650 | 4 | _aLiteratura juvenil | |
| 942 | _cBK | ||
| 999 |
_c56699 _d56699 |
||